| 000 | 00775nam a22002297a 4500 | ||
|---|---|---|---|
| 005 | 20230210124002.0 | ||
| 008 | 230210b mx ||||| |||| 00| 0 spa d | ||
| 020 | _a9682974402 | ||
| 050 | 0 | 4 |
_aBF1623 .C33 _bZ64 1994 |
| 245 |
_aZohar : _bLibro del esplendor / _ctr. Esther Cohen, Ana Castaño ; selección, prologo y notas Esther Cohen. _h |
||
| 250 | _a1a ed. | ||
| 260 |
_aMéxico: _bConsejo Nacional para la Cultura y las Artes, _c 1994 |
||
| 300 |
_a189 p. ; _c21 cm. |
||
| 440 | _aCien del Mundo | ||
| 490 | 1 | _aCien del mundo | |
| 500 | _a# 490 Donacion: Juan Alvarez Cienfuegos 25/ FEB./2020 | ||
| 650 | _aCabala. | ||
| 650 | _aOcultismo | ||
| 700 |
_aCastaño, Ana, _etr. |
||
| 700 |
_aCohen, Esther, _eselec. _eprol. _enotas |
||
| 942 |
_2ddc _cLIB |
||
| 999 |
_c166098 _d166096 |
||